ห้องสมุด วิทยาลัยพยาบาลบรมราชชนนี อุดรธานี Boromarajonani College of Nursing, Udonthani
mysqli: Table './ulib2015/stat_globaluid' is marked as crashed and last (automatic?) repair failed select id from stat_globaluid where statuid='20260418004225_2720' mysqli: Table './ulib2015/stat_globaluid' is marked as crashed and last (automatic?) repair failed DELETE FROM stat_globaluid
WHERE id NOT IN (
SELECT id
FROM (
SELECT id
FROM stat_globaluid
ORDER BY id DESC
LIMIT 100
) foo
); mysqli: Table './ulib2015/stat_globaluid' is marked as crashed and last (automatic?) repair failed insert into stat_globaluid set
statuid='20260418004225_2720',
dt='1776447745',
phpself='/ULIB/dublinfull.php',
agent='Mozilla/5.0 AppleWebKit/537.36 (KHTML, like Gecko; compatible; ClaudeBot/1.0; +claudebot@anthropic.com)',
yea='2026',
mon='4',
dat='18',
ip='216.73.216.55'
LEADER 00000nam 2200000 a 4500
001 13399120654
003 ULIBM
008 980525s2539 th a f000 0 tha d
020 ^a974-7765-94-2
050 4 ^aQU145^bม456พ 2539
245 00 ^aพืชผักพื้นบ้านภาคใต้ /^cบรรณาธิการ มาโนช วามานนท์, ชื่นสุขฤกษ์งาม, สุธาทิพย์ จันทรักษ์
250 ^aพิมพ์ครั้งที่ 1
260 ^aกรุงเทพฯ :^bสำนักงานคณะกรรมการการสาธารณสุขมูลฐานกระทรวงสาธารณสุข,^c2539
300 ^a109 หน้า :^bภาพประกอบ
650 7 ^aผัก^zไทย (ภาคใต้)^xบัญชีรายชื่อ
650 7 ^aผักพื้นบ้าน^zไทย (ภาคใต้)^xบัญชีรายชื่อ
700 0 ^aมาโนช วามานนท์,^eบรรณาธิการ
700 0 ^aชื่นสุข ฤกษ์งาม,^eบรรณาธิการ
700 0 ^aสุธาทิพย์ จันทรักษ์,^eบรรณาธิการ
710 2 ^aสำนักงานคณะกรรมการการสาธารณสุขมูลฐาน
945 ^p0^l0^i4418
999 ^aลิขิตลักษณ์
คุณยังไม่ได้ล็อกอิน คุณสามารถมีกิจกรรมร่วมกับเว็บไซต์ได้ แต่ต้องล็อกอินก่อน ::
ลำดับที่
ประเภท
เลขเรียก /บาร์โค้ด
สถานที่
สถานะ
1.
หนังสือการพยาบาล QU145 ม456พ 2539 Barcode: 4418 หนังสือทั่วไป On Shelf [แสดง 1/1 รายการ]
mysqli: Can't create/write to file '/var/tmp/#sql_59d_0.MAI' (Errcode: 2) select * from index_db where titl like '%พืชผักพื้นบ้านภาคใต้ / บรรณาธิการ มาโนช วามานนท์, ชื่นสุขฤกษ์งาม, สุธาทิพย์ จันทรักษ์%' and mid<>'13399120654' order by rand() limit 3 mysqli: Can't create/write to file '/var/tmp/#sql_59d_0.MAI' (Errcode: 2) select * from index_db where subj like '%ผัก ไทย (ภาคใต้) บัญชีรายชื่อ%' and mid<>'13399120654' order by rand() limit 3 mysqli: Can't create/write to file '/var/tmp/#sql_59d_0.MAI' (Errcode: 2) select * from index_db where subj like '%ผักพื้นบ้าน ไทย (ภาคใต้) บัญชีรายชื่อ%' and mid<>'13399120654' order by rand() limit 3
ยังไม่เคยถูกคอมเมนท์
คอมเมนท์ทรัพยากรรายการนี้
JavaScript must be enabled in order for you to use Google Maps.
However, it seems JavaScript is either disabled or not supported by your browser.
To view Google Maps, enable JavaScript by changing your browser options, and then
try again.